000 00699cam a22002291 4500
001 sa 65003844
003 DLC
005 20260227112126.0
008 821123s1960 ii f000 0 eng
010 _asa 65003844
025 _aPL480: I-E-3048
035 _a(OCoLC)8983631
040 _aDLC
_cICarbS
_dDLC
050 0 0 _aPK119
_b.K3
100 1 _aKannaiyan, V.
245 1 0 _aScripts in and around India.
_cCompiled by V. Knnaiyan.
260 _aMadras,
_bAvailable with the Superintendent, Govt. Museum,
_c1960.
300 _a44 p.
_bcol. illus.
_c29 cm.
490 1 _aGovt. Museum bulletin
651 0 _aIndia
_xLanguages
_xWriting.
810 2 _aGovernment Museum (Chennai, India).
_tBulletin.
999 _c63393
_d63393